000 00718nas a2200229 4500
001 BR9502440
003 BR-BrBNA
005 20231205094329.0
007 ta
008 230509b bl.|||p| |||| 00| 00por d
040 _aBR-BrBNA
_bpor
_cBiblioteca Nacional de Agricultura
041 _a(Pt)
072 _aF02
100 1 _aCamara, L.A.C.
245 1 _aEfeito do substrato e da imersao em iba sobre o enraizamento de propagulos de mandioquinha-salsa
650 _aMandioquinha-Salsa
650 _aEnraizamento
650 _aSubstrato
773 0 _tHorticultura Brasileira (Brazil)
_xISSN 0102-0536
_g(May 1992), v. 10(1) p. 36-37
_wBR9502440
909 _a202311
_bLúcia
_c55
_dLúcia Elande
942 _2AGRIS
_n0
_cANA
999 _c143619
_d143619